000
00411nam a2200145Ia 4500
008
100204s9999 xx 000 0 und d
082
_b
14944
100
_a
तुपे उत्तम बंडू
245
_a
शेवती
260
_b
"शशीदीप प्रकाशन , पुणे"
_c
1991
300
_a
146
630
_a
शेवती
730
_a
शेवती
942
_c
BOOK
999
_c
459375
_d
459372